| 000 | 01297nam0a22002771 4500 | ||
|---|---|---|---|
| 001 | rc\184423 | ||
| 005 | 20250620223215.0 | ||
| 010 |
_a5-88186-160-4 _91000 |
||
| 035 | _a(NLR Aleph) 005442876 | ||
| 090 |
_a4776096 _c4776096 |
||
| 100 | _a20030307d1997 |||y0rusy50 ca | ||
| 101 | 0 | _arus | |
| 102 | _aRU | ||
| 105 | _ay ||||||||| | ||
| 200 | 1 |
_aТеория и практика перевода _eУчеб. пособие для 8-9-х кл. гимназий, лицеев и шк. с углубл. изучением англ. яз. _fВят. гуманитар. гимназия с углубл. изучением англ. яз. |
|
| 210 |
_aКиров _cКиров. обл. тип. _d1997 |
||
| 215 |
_a156, [3] с. _d20 |
||
| 300 | _aОбл.: англ.: A Book of Translation: A text-book of translation for 8-9 form students of gymnasias, lyceums and schools with an advanced course of English / A. S. Kozina | ||
| 320 | _aБиблиогр.: с. 158 (12 назв.) | ||
| 512 | 0 | _aангл.: A Book of Translation: A text-book of translation for 8-9 form students of gymnasias, lyceums and schools with an advanced course of English | |
| 700 | 1 |
_aКозина _bА.С. |
|
| 801 | 0 |
_aRU _bNLR _gpsbo |
|
| 801 | 1 |
_aRU _bELAR _2rusmarc |
|
| 852 |
_aNLR _j97-3/13326 |
||
| 942 | _cBOOK | ||
| 980 | _aNB | ||